[Event "38th Olympiad"]
[Site "Dresden GER"]
[Date "2008.11.16"]
[Round "4"]
[White "Sorensen, To"]
[Black "Socko, B."]
[Result "1/2-1/2"]
[WhiteElo "2383"]
[BlackElo "2631"]
[PlyCount "43"]
[EventDate "2008.11.13"]

1. Nf3 Nf6 2. g3 d5 3. Bg2 c5 4. O-O Nc6 5. d4 e6 6. c4 dxc4 7. Qa4 cxd4 8.
Nxd4 Qxd4 9. Bxc6+ Bd7 10. Rd1 Bxc6 11. Qxc6+ bxc6 12. Rxd4 Rd8 13. Rxc4 Rd1+
14. Kg2 Kd7 15. Nc3 Re1 16. e4 Bd6 17. f3 Rb8 18. Kf2 Rh1 19. Kg2 Re1 20. Kf2
Rh1 21. Kg2 Re1 22. Kf2 1/2-1/2

[Event "38th Olympiad"]
[Site "Dresden GER"]
[Date "2008.11.16"]
[Round "4"]
[White "Wojtaszek, R."]
[Black "Pace, C."]
[Result "1-0"]
[WhiteElo "2599"]
[BlackElo "2148"]
[PlyCount "65"]
[EventDate "2008.11.13"]

1. c4 f5 2. d4 Nf6 3. Nf3 g6 4. b4 Bg7 5. Bb2 O-O 6. g3 d6 7. Bg2 c6 8. a4 e5
9. dxe5 Ng4 10. Qb3 Nxe5 11. Nd4 Na6 12. O-O Qe7 13. Nd2 Nc7 14. e3 Ne6 15. a5
a6 16. Rae1 c5 17. f4 cxd4 18. exd4 Nf7 19. d5 Nd4 20. Qd3 Qf6 21. Ba1 Bd7 22.
Nb3 Rae8 23. Bxd4 Qd8 24. Bxg7 Kxg7 25. Nd4 b6 26. Ne6+ Bxe6 27. dxe6 Nh6 28.
Qd4+ Qf6 29. Qxf6+ Kxf6 30. axb6 Rxe6 31. Bd5 Ree8 32. Rxe8 Rxe8 33. c5 1-0

[Event "38th Olympiad"]
[Site "Dresden GER"]
[Date "2008.11.16"]
[Round "4"]
[White "Borg, A."]
[Black "Gajewski, G."]
[Result "0-1"]
[WhiteElo "2112"]
[BlackElo "2577"]
[PlyCount "77"]
[EventDate "2008.11.13"]

1. Nf3 g6 2. d4 Bg7 3. c4 f5 4. Nc3 Nf6 5. g3 O-O 6. Bg2 c6 7. O-O Na6 8. Rb1
Ne4 9. Bd2 Nc7 10. Qc2 Nxd2 11. Qxd2 d6 12. Rbd1 Qe8 13. d5 Rb8 14. Nd4 c5 15.
Nc2 b5 16. cxb5 Nxb5 17. Nxb5 Qxb5 18. b3 a5 19. Rb1 Ba6 20. Rfe1 a4 21. Bf1
axb3 22. axb3 Qd7 23. e3 Bxf1 24. Rxf1 Rb6 25. Na3 Rfb8 26. Qc2 Qb7 27. e4 Rf8
28. Nc4 Ra6 29. exf5 Rxf5 30. Ne3 Rf7 31. Qe4 Rb6 32. Qd3 Bd4 33. Rfe1 Rb4 34.
Red1 Rf8 35. Qc2 Bxe3 36. fxe3 Rb8 37. Rf1 Qxd5 38. Qf2 Qe6 39. Kg2 0-1

[Event "38th Olympiad"]
[Site "Dresden GER"]
[Date "2008.11.16"]
[Round "4"]
[White "Bartel, Mat"]
[Black "Zerafa, R."]
[Result "1-0"]
[WhiteElo "2602"]
[BlackElo "1991"]
[PlyCount "57"]
[EventDate "2008.11.13"]

1. e4 c5 2. Nf3 Nc6 3. d4 cxd4 4. Nxd4 g6 5. Nc3 Bg7 6. Be3 Nf6 7. Bc4 O-O 8.
Bb3 Ng4 9. Qxg4 Nxd4 10. Qd1 Nxb3 11. axb3 d6 12. Qd2 Be6 13. O-O a6 14. f4 f5
15. Bd4 Qc7 16. Rae1 Rae8 17. Rf2 fxe4 18. Bxg7 Kxg7 19. Qd4+ Kg8 20. Rxe4 Qd7
21. Re3 Bf5 22. Nd5 e5 23. fxe5 dxe5 24. Nf6+ Rxf6 25. Qxd7 Bxd7 26. Rxf6 Bc6
27. Rd6 Kf7 28. Re2 Ke7 29. Rxc6 1-0

[Event "38th Olympiad"]
[Site "Dresden GER"]
[Date "2008.11.22"]
[Round "9"]
[White "Fridman, D2."]
[Black "Bartel, Mat"]
[Result "1-0"]
[WhiteElo "2630"]
[BlackElo "2602"]
[PlyCount "153"]
[EventDate "2008.11.13"]

1. d4 Nf6 2. c4 e6 3. g3 d5 4. Bg2 dxc4 5. Nf3 Bb4+ 6. Bd2 a5 7. Qc2 Nc6 8.
Qxc4 Qd5 9. Qd3 O-O 10. Nc3 Qh5 11. h3 Rd8 12. a3 Bxc3 13. bxc3 Qg6 14. Qxg6
hxg6 15. Bg5 Rd7 16. O-O Ne4 17. Rac1 Nxg5 18. Nxg5 Ne7 19. e3 Rb8 20. Rb1 b6
21. c4 Rd8 22. Rfc1 Bd7 23. Ne4 Bc6 24. Nc3 Bxg2 25. Kxg2 Nf5 26. Rc2 Kf8 27.
g4 Nd6 28. Na4 Ke8 29. Kf3 Rdc8 30. Rbb2 b5 31. cxb5 Rxb5 32. Ra2 Kd8 33. Nc5
Rcb8 34. Nd3 g5 35. Ne5 Ra8 36. a4 Rb6 37. Rc5 f6 38. Nc6+ Kd7 39. Nxa5 Rba6
40. Nb3 Rxa4 41. Rxa4 Rxa4 42. Rxg5 fxg5 43. Nc5+ Ke7 44. Nxa4 Nf7 45. Ke4 Nd6+
46. Kd3 Nf7 47. Nc5 e5 48. d5 Nd6 49. f3 g6 50. Kc3 Nc8 51. e4 c6 52. dxc6 Na7
53. Kc4 Nxc6 54. Kd5 Nd4 55. Nd3 Nxf3 56. Nxe5 Ng1 57. h4 gxh4 58. Nxg6+ Kf6
59. Nxh4 Kg5 60. e5 Ne2 61. Ng2 Nc3+ 62. Kd4 Nb5+ 63. Kc5 Kxg4 64. e6 Nc7 65.
e7 Kf5 66. Kd6 Ne8+ 67. Kd7 Ng7 68. Ne3+ Ke5 69. Nc4+ Kf6 70. Nd6 Ke5 71. Nf7+
Kf5 72. Nd6+ Ke5 73. Nb7 Kf5 74. Nc5 Nh5 75. Ke8 Kg6 76. Ne6 Kf6 77. Kf8 1-0